Diccionario de El péndulo de Foucault / (Record no. 6713)

MARC details
000 -LEADER
campo de control de longitud fija 00737nam a2200241 i 4500
001 - NÚMERO DE CONTROL
campo de control 6713
003 - IDENTIFICADOR DE NÚMERO DE CONTROL
campo de control ES-MaACL
005 - FECHA Y HORA DE LA ÚLTIMA TRANSACCIÓN
campo de control 20230906145048.0
007 - CAMPO FIJO DE DESCRIPCIÓN FÍSICA--INFORMACIÓN GENERAL
campo de control de longitud fija t|
008 - DATOS DE LONGITUD FIJA--INFORMACIÓN GENERAL
campo de control de longitud fija 900301s1990 sp |||| | spa d
020 ## - NÚMERO INTERNACIONAL ESTÁNDAR DEL LIBRO
Número Internacional Estándar del Libro 84-7817-008-1
080 ## - NÚMERO DE LA CLASIFICACIÓN DECIMAL UNIVERSAL
Número de la Clasificación Decimal Universal 850-31"19"(03)
100 1# - ENTRADA PRINCIPAL--NOMBRE DE PERSONA
Nombre de persona Bauco, Luigi.
9 (RLIN) 26506
245 10 - MENCIÓN DEL TÍTULO
Título Diccionario de El péndulo de Foucault /
Mención de responsabilidad, etc. L. Bauco, F. Millocca ; al c. de L. Turrini ; traducción y adaptación, A. Arce... [et al.].
250 ## - MENCION DE EDICION
Mención de edición 2ª ed.
260 ## - PUBLICACIÓN, DISTRIBUCIÓN, ETC.
Lugar de publicación, distribución, etc. Madrid :
Nombre del editor, distribuidor, etc. Palas Atenea,
Fecha de publicación, distribución, etc. 1990.
300 ## - DESCRIPCIÓN FÍSICA
Extensión 302 p. ;
Dimensiones 23 cm.
600 14 - PUNTO DE ACCESO ADICIONAL DE MATERIA--NOMBRE DE PERSONA
Nombre de persona Eco, Umberto-
Subdivisión de forma Diccionarios.
9 (RLIN) 174991
700 1# - ENTRADA AGREGADA--NOMBRE PERSONAL
Nombre de persona Millocca, F.
9 (RLIN) 81265
700 1# - ENTRADA AGREGADA--NOMBRE PERSONAL
Nombre de persona Turrini, L.
9 (RLIN) 111756
700 1# - ENTRADA AGREGADA--NOMBRE PERSONAL
Nombre de persona Arce, A.
9 (RLIN) 22443
852 4# - LOCALIZACIÓN
Ubicación ES-MaACL
Número de control de estantería L-13890
Holdings
Estatus retirado Estado de pérdida Estado de daño No para préstamo Colección Biblioteca de origen Biblioteca actual Ubicación en estantería Fecha de adquisición Fuente de adquisición Total de préstamos Signatura topográfica completa Código de barras Visto por última vez Precio de reemplazo Tipo de ítem Koha
        Colección de referencia Biblioteca del Ateneo de Madrid Biblioteca del Ateneo de Madrid Depósito 2 17/01/2008     L-13890 1006840 23/02/2023 23/02/2023 Libro impreso